000 00524nam a22002297a 4500
003 UA-OsUOA
001 16821
007 ta
008 20030918b un ||||| |||| 00| 0 ukr d
090 _bД-333
942 _cBK
040 _aUA-OsUOA
_bukr
_cUA-OsUOA
_dUA-OsUOA
245 _aРівненська область
300 _a348 с.
955 _a0
041 _aukr
020 _a966-96174-4-8
591 _a63.3(4Укр-4Рів)
260 _aРівне
_c2003
044 _aUA
650 7 _aІсторія
_2UDC
999 _c302988
_d302988